[Event "Obera op"]
[Site "Obera"]
[Date "2023.02.03"]
[Round "2"]
[White "Lo Presti, Roberto"]
[Black "Rozental, Sasha Valentin"]
[Result "1/2-1/2"]
[WhiteElo "1871"]
[BlackElo "1416"]
[PlyCount "87"]
[EventDate "2023.02.03"]
[EventType "swiss"]
[EventRounds "6"]
[EventCountry "ARG"]
[SourceTitle "CBM 212 Extra"]
[Source "ChessBase"]
[SourceDate "2023.03.31"]
[SourceVersion "1"]
[SourceVersionDate "2023.03.31"]
[SourceQuality "1"]

1. e4 e5 2. Nc3 Nc6 3. f4 d6 4. Bc4 exf4 5. Nf3 Bg4 6. d3 Bxf3 7. Qxf3 Qh4+ 8. g3 Ne5 9. Qxf4 Qh5 10. 0-0 Nf6 11. Qf5 Qxf5 12. Rxf5 Nxc4 13. dxc4 Be7 14. Nb5 Kd7 15. e5 dxe5 16. Rxe5 a6 17. Nxc7 Bd6 18. Nxa8 Bxe5 19. Nb6+ Kc6 20. Na4 Ne4 21. Be3 Rd8 22. Re1 f5 23. c5 Bd4 24. b3 Bxe3+ 25. Rxe3 Rd2 26. c4 Rxa2 27. g4 g6 28. gxf5 gxf5 29. Rf3 Nxc5 30. Nxc5 Kxc5 31. Rxf5+ Kb4 32. Rf7 Kxb3 33. Rxb7+ Kxc4 34. Rxh7 a5 35. h4 a4 36. h5 a3 37. h6 Ra1+ 38. Kf2 a2 39. Ra7 Rb1 40. Rxa2 Rb7 41. Kg3 Kd5 42. Ra6 Ke5 43. Kg4 Rb1 44. Ra5+ 1/2-1/2

[Event "Misiones op"]
[Site "Misiones"]
[Date "2022.07.10"]
[Round "4"]
[White "Rivas, Omar Ramon"]
[Black "Rozental, Sasha Valentin"]
[Result "1-0"]
[WhiteElo "1687"]
[BlackElo "1309"]
[PlyCount "51"]
[EventDate "2022.07.09"]
[EventType "swiss"]
[EventRounds "6"]
[EventCountry "ARG"]
[SourceTitle "CBM 209 Extra"]
[Source "ChessBase"]
[SourceDate "2022.09.30"]
[SourceVersion "1"]
[SourceVersionDate "2022.09.30"]
[SourceQuality "1"]

1. e4 c5 2. Nc3 Nc6 3. f4 d6 4. Nf3 Bg4 5. Bb5 a6 6. Bxc6+ bxc6 7. h3 Bd7 8. 0-0 d5 9. e5 e6 10. d3 Ne7 11. Na4 Nf5 12. c4 Be7 13. b3 d4 14. Qe1 h5 15. Ba3 Ne3 16. Rf2 g5 17. fxg5 Bxg5 18. Bxc5 Bh4 19. Nxd4 Qg5 20. Nf3 Nxg2 21. Rxg2 Qxg2+ 22. Kxg2 Bxe1 23. Rxe1 Rg8+ 24. Kf2 f6 25. exf6 Rg6 26. Be7 1-0

[Event "Misiones op"]
[Site "Misiones"]
[Date "2022.07.09"]
[Round "2"]
[White "Segovia, Maximiliano"]
[Black "Rozental, Sasha Valentin"]
[Result "1/2-1/2"]
[WhiteElo "1597"]
[BlackElo "1309"]
[PlyCount "80"]
[EventDate "2022.07.09"]
[EventType "swiss"]
[EventRounds "6"]
[EventCountry "ARG"]
[SourceTitle "CBM 209 Extra"]
[Source "ChessBase"]
[SourceDate "2022.09.30"]
[SourceVersion "1"]
[SourceVersionDate "2022.09.30"]
[SourceQuality "1"]

1. d4 Nf6 2. c4 e6 3. Nf3 b6 4. g3 Bb7 5. Bg2 c5 6. e3 cxd4 7. exd4 Bb4+ 8. Bd2 Be7 9. Nc3 0-0 10. 0-0 d5 11. Ne5 Nbd7 12. Re1 Bb4 13. Nxd5 Bxd2 14. Nxf6+ Nxf6 15. Qxd2 Bxg2 16. Kxg2 Rc8 17. Rad1 Nd7 18. Nxd7 Qxd7 19. b3 f6 20. Qe3 Rfe8 21. Rd2 Qc6+ 22. Kg1 Rcd8 23. Red1 Rd6 24. Qf4 Red8 25. h4 b5 26. d5 exd5 27. Rxd5 Rxd5 28. Rxd5 Rxd5 29. cxd5 Qxd5 30. Qb8+ Kf7 31. Qxa7+ Kg6 32. Kh2 h5 33. Qe3 b4 34. Qf4 Qc5 35. Kg1 Kf7 36. Kf1 Ke6 37. Qe4+ Kd6 38. Ke2 Qe5 39. Ke3 f5 40. Qxe5+ Kxe5 1/2-1/2

[Event "Obera Easter op 1st"]
[Site "Obera"]
[Date "2021.04.02"]
[Round "4"]
[White "Rozental, Sasha Valentin"]
[Black "Rehe, Octavio David"]
[Result "1-0"]
[WhiteElo "1300"]
[BlackElo "1311"]
[PlyCount "49"]
[EventDate "2021.04.01"]
[EventType "swiss"]
[EventRounds "6"]
[EventCountry "ARG"]
[SourceTitle "EXT 2022"]
[Source "ChessBase"]
[SourceDate "2021.10.06"]
[SourceVersion "1"]
[SourceVersionDate "2021.10.06"]
[SourceQuality "1"]

1. e4 e5 2. Nf3 Nc6 3. Bc4 Nf6 4. Ng5 d5 5. exd5 Nxd5 6. Nxf7 Kxf7 7. Qf3+ Ke8 8. Bxd5 Qe7 9. Bxc6+ Bd7 10. Bxb7 Rb8 11. Nc3 Kd8 12. d3 Qe8 13. Bd2 Be7 14. Be4 Rf8 15. Qg3 Qf7 16. 0-0 Bc5 17. Nd5 Be6 18. c4 Rxb2 19. Be3 Bxe3 20. fxe3 Rxa2 21. Rae1 Qe8 22. Qxg7 Rf7 23. Qg5+ Kc8 24. Rxf7 Bxf7 25. Ne7+ 1-0

[Event "ARG-ch sf Sarmiento CC U1700"]
[Site "Posadas"]
[Date "2019.06.15"]
[Round "2.1"]
[White "Penelli, Franco"]
[Black "Rozental, Sasha Valentin"]
[Result "1-0"]
[WhiteElo "1596"]
[BlackElo "1240"]
[PlyCount "45"]
[EventDate "2019.06.15"]
[EventType "swiss"]
[EventRounds "6"]
[EventCountry "ARG"]
[SourceTitle "EXT 2024"]
[Source "ChessBase"]
[SourceDate "2023.10.10"]
[SourceVersion "1"]
[SourceVersionDate "2023.10.10"]
[SourceQuality "1"]

1. e4 e5 2. Nf3 Nc6 3. Bc4 Bc5 4. c3 Nf6 5. 0-0 0-0 6. d3 d6 7. Bb3 Bg4 8. Re1 Re8 9. Nbd2 b5 10. h3 Be6 11. Bc2 h6 12. Nf1 d5 13. Ng3 d4 14. Nh4 Ne7 15. Qf3 Qd7 16. Bxh6 gxh6 17. Qxf6 Kh7 18. Nhf5 Nxf5 19. exf5 Bd5 20. Qh4 Rg8 21. Rxe5 c6 22. Ne4 Bd6 23. Nf6+ 1-0